A Brief History of the Hughli District/ (Record no. 188997)

MARC details
000 -LEADER
fixed length control field 00583nam a2200193 4500
005 - DATE AND TIME OF LATEST TRANSACTION
control field 20220609112223.0
010 ## - LCCN (DPL NO)
LC control number ENG-133171
020 ## - INTERNATIONAL STANDARD BOOK NUMBER
International Standard Book Number 978819074297
Terms of availability 500.00
035 ## - SYSTEM CONTROL NUMBER
System control number EN-116703
037 ## - SOURCE OF ACQUISITION
Source of stock number/acquisition DBAD/PUB
082 ## - DEWEY DECIMAL CLASSIFICATION NUMBER
Classification number 954.147
100 ## - MAIN ENTRY--PERSONAL NAME
Personal name Crawford, D.G.
245 ## - TITLE STATEMENT
Title A Brief History of the Hughli District/
Statement of responsibility, etc D.G.Crawford
260 ## - PUBLICATION, DISTRIBUTION, ETC. (IMPRINT)
Place of publication, distribution, etc West Bengal
Name of publisher, distributor, etc Dr.Ganesh Nandy
Date of publication, distribution, etc 2015
270 ## - ADDRESS
Address 358, Kamarpara Road, P.O.Chinsurah Dist-Hooghly
City West Bengal
Postal code 712101
300 ## - PHYSICAL DESCRIPTION
Extent 278p.
Dimensions 21cm(hbk)
700 ## - ADDED ENTRY--PERSONAL NAME
Personal name Ganesh Nandy
942 ## - ADDED ENTRY ELEMENTS (KOHA)
Source of classification or shelving scheme Dewey Decimal Classification
Item type English Books
Classification part 954.147
Call number suffix CRA
Holdings
Withdrawn status Lost status Not for loan Collection code Home library Current library Date acquired Source of acquisition Cost, normal purchase price Full call number Barcode Copy number Cost, replacement price Koha item type
    Not For Loan Non-fiction D.B.Act.Division Mobile Library 09/06/2022 DBAD/PUB 500.00 954.147 CRA EN-116703 1 500.00 English Books

© Delhi Public Library
Hit Counter
free hit counter